01263cam a2200205 a 450000500170000002000350001704000350005208200150008724501170010226000430021930000290026250400410029152006040033254600090093665000240094565000130096965000280098270000240101070000230103420251002112859.0 a9781841137414 cTZS 45505.24/= aMCCLbeng.eAACR 2nd. rev. ed.04a346.02 CON00aContract damages :bdomestic and international perspectives /cedited by Djakhongir Saidov and Ralph Cunnington. aNew Delhi :bMohan Law house ,cc2008. axxxiii, 495 p. ;c25 cm. aIncludes bibliographical references. aThis book is a collection of essays examining the remedy of contract damages in the common law and under the international contract law instruments such as the Vienna Convention on Contracts for the International Sales of Goods and the UNIDROIT Principles of International Commercial Contracts. The essays, written by leading experts in the area, raise important and topical issues relating to the law of contract damages from both theoretical and practical perspectives. The book aims to inform readers of current developments, problems, trends and debates surrounding contract damages and reflects aeng. 0aBreach of contract. 0aDamages. 0aExport sales contracts.1 aSaidov, Djakhongir.1 aCunnington, Ralph.